Nghiên cứu sử dụng tro trấu thay thế cát sông cho sản xuất vật liệu xây dựng thân thiện môi trường : Báo cáo tổng kết đề tài Khoa học và Công nghệ cấp cơ sở
Phân tích và đánh giá các đặc tính của tro trấu, thiết kế cấp phối cho vật liệu xây dựng thân thiện môi trường, phân tích và đánh giá các đặc tính của vật liệu đã sản xuất.
Wedi'i Gadw mewn:
| Prif Awdur: | |
|---|---|
| Fformat: | Llyfr |
| Iaith: | Undetermined |
| Cyhoeddwyd: |
Cần Thơ
Trường Đại học Cần Thơ
2018
|
| Pynciau: | |
| Tagiau: |
Ychwanegu Tag
Dim Tagiau, Byddwch y cyntaf i dagio'r cofnod hwn!
|
| Thư viện lưu trữ: | Trung tâm Học liệu Trường Đại học Cần Thơ |
|---|
| LEADER | 01130nam a2200217Ia 4500 | ||
|---|---|---|---|
| 001 | CTU_230037 | ||
| 008 | 210402s9999 xx 000 0 und d | ||
| 082 | |a 691 | ||
| 082 | |b A105 | ||
| 088 | |a T2018-18 | ||
| 100 | |a Trần, Vũ An | ||
| 245 | 0 | |a Nghiên cứu sử dụng tro trấu thay thế cát sông cho sản xuất vật liệu xây dựng thân thiện môi trường : | |
| 245 | 0 | |b Báo cáo tổng kết đề tài Khoa học và Công nghệ cấp cơ sở | |
| 245 | 0 | |c Trần Vũ An (Chủ nhiệm đề tài) | |
| 260 | |a Cần Thơ | ||
| 260 | |b Trường Đại học Cần Thơ | ||
| 260 | |c 2018 | ||
| 520 | |a Phân tích và đánh giá các đặc tính của tro trấu, thiết kế cấp phối cho vật liệu xây dựng thân thiện môi trường, phân tích và đánh giá các đặc tính của vật liệu đã sản xuất. | ||
| 650 | |a Vật liệu xây dựng,Building materials | ||
| 910 | |b nthai | ||
| 980 | |a Trung tâm Học liệu Trường Đại học Cần Thơ | ||